Coyuntura electoral 2005-2006: lecciones aprendidas desde la perspectiva de la organización de los procesos electorales y la resolución de sus conflictos en Centroamérica y Panamá /

Na minha lista:
Detalhes bibliográficos
Autor principal: Sobrado González, Luis Antonio
Formato: Texto
Tags: Adicionar Tag
Sem tags, seja o primeiro a adicionar uma tag!

MARC

LEADER 00000 a a2200000 04500
001 43587
003
040
100 |a Sobrado González, Luis Antonio  
245 |a Coyuntura electoral 2005-2006:   |b lecciones aprendidas desde la perspectiva de la organización de los procesos electorales y la resolución de sus conflictos en Centroamérica y Panamá /  |c Luis Antonio Sobrado González  
773 |g páginas 127-152  
999 |c 21927  |d 21927